NLSUI OPAC header image

Karnataka motor vehicles rules, 1989 (Record no. 24835)

MARC details
000 -LEADER
fixed length control field 00421nam a2200157Ia 4500
008 - FIXED-LENGTH DATA ELEMENTS--GENERAL INFORMATION
fixed length control field 160316s2006 xxu||||| |||| 00| 0 eng d
082 ## - DEWEY DECIMAL CLASSIFICATION NUMBER
Classification number 346.032200
Item number PYA
100 ## - MAIN ENTRY--PERSONAL NAME
Personal name Pyari Radha S
245 ## - TITLE STATEMENT
Title Karnataka motor vehicles rules, 1989
250 ## - EDITION STATEMENT
Edition statement
260 ## - PUBLICATION, DISTRIBUTION, ETC.
Place of publication, distribution, etc. Bangalore
Name of publisher, distributor, etc. Eskeyem Publications
Date of publication, distribution, etc. 2006
300 ## - PHYSICAL DESCRIPTION
Extent 304
Other physical details
Dimensions
365 ## - TRADE PRICE
Price amount Rs.180
650 ## - SUBJECT ADDED ENTRY--TOPICAL TERM
Topical term or geographic name entry element 1.Motor Vehicles Rules - Karnataka - 1989
700 ## - ADDED ENTRY--PERSONAL NAME
Personal name
--
Holdings
Withdrawn status Lost status Damaged status Not for loan Home library Current library Shelving location Date acquired Cost, normal purchase price Total Checkouts Full call number Barcode Date last seen Price effective from Koha item type
        . . Library Compactors 30.05.2017 180.00   346.0322 PYA 22366 30.05.2017 30.05.2017 BOOKs